Traité des prescriptions / (Record no. 167044)

MARC details
000 -LEADER
campo de control de longitud fija 00886nam a22002055i 4500
001 - NÚMERO DE CONTROL
campo de control 167044
003 - IDENTIFICADOR DE NÚMERO DE CONTROL
campo de control ES-MaACL
005 - FECHA Y HORA DE LA ÚLTIMA TRANSACCIÓN
campo de control 20250809062541.0
008 - DATOS DE LONGITUD FIJA--INFORMACIÓN GENERAL
campo de control de longitud fija 050923s1834 be | |||||||| ||fre d
040 ## - FUENTE DE CATALOGACIÓN
Centro catalogador/agencia de origen CAM
Lengua de catalogación spa
Centro/agencia transcriptor CAM
100 1# - ENTRADA PRINCIPAL--NOMBRE DE PERSONA
Nombre de persona Vazeille, François Antoine.
9 (RLIN) 133578
245 10 - MENCIÓN DEL TÍTULO
Título Traité des prescriptions /
Mención de responsabilidad, etc. par M. Vazeille.
250 ## - MENCION DE EDICION
Mención de edición Ed. augm. et mise en rapport, par notes, avec la législation et la jurisprudence de Belgique.
260 ## - PUBLICACIÓN, DISTRIBUCIÓN, ETC.
Lugar de publicación, distribución, etc. Bruxelles :
Nombre del editor, distribuidor, etc. Librairie de Jurisprudence de H. Tarlier,
Fecha de publicación, distribución, etc. 1834 (
Fabricante Imprimerie de Ode et Wodon)
300 ## - DESCRIPCIÓN FÍSICA
Extensión III, 392 p. ;
Dimensiones 23 cm.
650 #7 - PUNTO DE ACCESO ADICIONAL DE MATERIA--TÉRMINO DE MATERIA
Término de materia o nombre geográfico como elemento de entrada Derecho
Fuente del encabezamiento o término embne
9 (RLIN) 11602
752 ## - ENTRADA AGREGADA--NOMBRE JERÁRQUICO DEL LUGAR
País o entidad superior Bélgica -
Ciudad Bruselas
852 ## - LOCALIZACIÓN
Ubicación ES-MaACL
Número de control de estantería F-7991
Nota libre -- Enc. hol. conservando la cub. original
-- -- En la cub. original consta el pie de imp.: Bruxelles : Société Typographique Belge, Ad. Wahlen et Cie; 1837
Holdings
Estatus retirado Estado de pérdida Estado de daño No para préstamo Colección Biblioteca de origen Biblioteca actual Ubicación en estantería Fecha de adquisición Fuente de adquisición Total de préstamos Signatura topográfica completa Código de barras Visto por última vez Precio de reemplazo Tipo de ítem Koha
        Libros del s. XIX Biblioteca del Ateneo de Madrid Biblioteca del Ateneo de Madrid Sala Pecera Planta 2 17/01/2008     F-7991 1175225 23/02/2023 23/02/2023 Libro impreso antiguo